Eine Kirche im Zwielicht: die serbische Orthodoxie und der Krieg im ehemaligen Jugoslawien

Saved in:  
Bibliographic Details
Authors: Bata, Jozsef (Author) ; Bata, Josef (Author)
Format: Print Article
Language:German
Check availability: HBZ Gateway
Interlibrary Loan:Interlibrary Loan for the Fachinformationsdienste (Specialized Information Services in Germany)
Published: 1992
In: Herder-Korrespondenz
Year: 1992, Volume: 46, Issue: 9, Pages: 430-434
IxTheo Classification:CH Christianity and Society
KBK Europe (East)
KDF Orthodox Church
ZC Politics in general
Further subjects:B Yugoslavia
B Orientalische Kirchen
B Oriental Church
B church statements
B Kirchliche Stellungnahme
B Civil war
B Civil War
Parallel Edition:Electronic

MARC

LEADER 00000caa a22000002c 4500
001 596495323
003 DE-627
005 20250824171309.0
007 tu
008 121113s1992 gw ||||| 00| ||ger c
035 |a (DE-627)596495323 
035 |a (DE-576)375026282 
035 |a (DE-599)GBV596495323 
040 |a DE-627  |b ger  |c DE-627  |e rakwb 
041 |a ger 
044 |c XA-DE 
084 |a 1  |2 ssgn 
100 1 |a Bata, Jozsef  |4 aut 
245 1 5 |a Eine Kirche im Zwielicht  |b die serbische Orthodoxie und der Krieg im ehemaligen Jugoslawien  |c [Jozsef Bata] 
264 1 |c 1992 
336 |a Text  |b txt  |2 rdacontent 
337 |a ohne Hilfsmittel zu benutzen  |b n  |2 rdamedia 
338 |a Band  |b nc  |2 rdacarrier 
500 |a Aufsatz 
601 |a Serbisch 
601 |a Jugoslawien 
650 4 |a Orientalische Kirchen 
650 4 |a Kirchliche Stellungnahme 
650 4 |a Bürgerkrieg 
650 4 |a Jugoslawien 
650 4 |a Oriental Church 
650 4 |a church statements 
650 4 |a Civil War 
650 4 |a Yugoslavia 
652 |a CH:KBK:KDF:ZC 
700 1 |a Bata, Josef  |e VerfasserIn  |4 aut 
773 0 8 |i In  |t Herder-Korrespondenz  |d Freiburg, Br. : Herder, 1946  |g 46(1992), 9, Seite 430-434  |w (DE-627)129073857  |w (DE-600)2422-3  |w (DE-576)014406144  |x 0018-0645  |7 nnas 
773 1 8 |g volume:46  |g year:1992  |g number:9  |g pages:430-434 
776 0 8 |i Reproduziert als  |a Bata, Jozsef  |t Eine Kirche im Zwielicht  |d 1992  |w (DE-627)1900707128  |k Electronic 
889 |w (DE-576)9582522194 
889 |w (DE-627)186412640X 
889 |w (DE-627)582522196 
935 |a mteo  |a DTH5 
935 |i mdedup 
951 |a AR 
ELC |b 1 
ITA |a 1  |t 1 
LOK |0 000 xxxxxcx a22 zn 4500 
LOK |0 001 327876823X 
LOK |0 003 DE-627 
LOK |0 004 596495323 
LOK |0 005 20221208115642 
LOK |0 008 160404||||||||||||||||ger||||||| 
LOK |0 040   |a DE-Tue135  |c DE-627  |d DE-Tue135 
LOK |0 092   |o n 
LOK |0 852   |a DE-Tue135 
LOK |0 852 1  |9 00 
LOK |0 935   |a ixzs  |a ixmi 
LOK |0 936ln  |0 1550735845  |a CH 
LOK |0 936ln  |0 1442050373  |a KDF 
LOK |0 936ln  |0 1550736965  |a ZC 
LOK |0 936ln  |0 1442048824  |a KBK 
LOK |0 939   |a 04-04-16  |b l01 
ORI |a SA-MARC-ixtheoa001.raw 
REL |a 1 
STA 0 0 |a Civil war,Yugoslavia 
STB 0 0 |a Guerre civile 
STC 0 0 |a Guerra civil 
STD 0 0 |a Guerra civile 
STE 0 0 |a 内战 
STF 0 0 |a 內戰 
STG 0 0 |a Guerra civil 
STH 0 0 |a Гражданская война 
STI 0 0 |a Εμφύλιος πόλεμος 
SUB |a REL 
SYE 0 0 |a Krieg - Kriegsarten - Bürgerkrieg,Civil War , Jugoslavija,FNRJ,FNR Jugoslavija,SFRJ,SFRJU,SFR Jugoslavija,Federal People's Republic of Yugoslavia,FPR Yugoslavia,FPRY,Socialist Federal Republic of Yugoslavia,SFR Yugoslavia,Föderative Volksrepublik Jugoslawien,FVRJ,Yugoslavija,République Socialiste Fédérative de Yougoslavie,Socialistična Federativna Republika Jugoslavija,Socialističeskaja Federativnaja Respublika Jugoslavija,Yugoslavıya,Demokratska Federativna Jugoslavija,Savezna Republika Jugoslavija,Federal Republic of Yugoslavija,Sojuznaja Respublika Jugoslavii,Federativna Narodna Republika Jugoslavija,Socijalistička Federativna Republika Jugoslavija,Yugoslavia,Yougoslavie,Sozialistische Föderative Republik Jugoslawien,Kraljevina Jugoslavija,Königreich Jugoslawien